|
|
|
|
| LEADER |
01875nam a2200541 4500 |
| 001 |
ocn759006752 |
| 003 |
OCoLC |
| 005 |
20170124070256.3 |
| 006 |
m o d |
| 007 |
cr |n||||||||| |
| 008 |
101102s2011 enk fo 000 0 eng d |
| 040 |
|
|
|a CDX
|b eng
|e pn
|c CDX
|d OCLCQ
|d COO
|d UIU
|d YDXCP
|d DG1
|d IEEEE
|d OCLCQ
|d KKS
|d OCLCQ
|d A7U
|d DEBSZ
|d OCLCQ
|d GrThAP
|
| 019 |
|
|
|a 757856908
|
| 020 |
|
|
|a 9781118104965
|q (electronic bk.)
|
| 020 |
|
|
|a 111810496X
|q (electronic bk.)
|
| 020 |
|
|
|z 9780470768655
|q (Cloth)
|
| 020 |
|
|
|z 0470768657
|q (Cloth)
|
| 024 |
8 |
|
|a 9786613282750
|
| 029 |
1 |
|
|a AU@
|b 000048024345
|
| 029 |
1 |
|
|a CHBIS
|b 010058916
|
| 029 |
1 |
|
|a CHVBK
|b 309682363
|
| 029 |
1 |
|
|a DEBBG
|b BV043393634
|
| 029 |
1 |
|
|a DEBSZ
|b 377432326
|
| 029 |
1 |
|
|a GBVCP
|b 790034565
|
| 029 |
1 |
|
|a NZ1
|b 14166185
|
| 029 |
1 |
|
|a NZ1
|b 15340323
|
| 029 |
1 |
|
|a NZ1
|b 15905469
|
| 035 |
|
|
|a (OCoLC)759006752
|z (OCoLC)757856908
|
| 037 |
|
|
|a 328275
|b MIL
|
| 050 |
|
4 |
|a TK2451
|b .D68 2011eb
|
| 082 |
0 |
4 |
|a 621.3/12136
|2 22
|
| 049 |
|
|
|a MAIN
|
| 245 |
0 |
0 |
|a Doubly fed induction machine :
|b modeling and control for wind energy generation applications /
|c by Gonzalo Abad [and others].
|
| 264 |
|
1 |
|a Oxford :
|b Wiley-Blackwell Pub.,
|c 2011.
|
| 300 |
|
|
|a 1 online resource (320 pages).
|
| 336 |
|
|
|a text
|b txt
|2 rdacontent
|
| 337 |
|
|
|a computer
|b c
|2 rdamedia
|
| 338 |
|
|
|a online resource
|b cr
|2 rdacarrier
|
| 490 |
1 |
|
|a IEEE Press series on power engineering
|
| 588 |
0 |
|
|a Print version record.
|
| 650 |
|
0 |
|a Wind energy conversion systems
|x Mathematical models.
|
| 650 |
|
0 |
|a Wind energy conversion systems
|x Automatic control.
|
| 655 |
|
4 |
|a Electronic books.
|
| 700 |
1 |
|
|a Abad, Gonzalo.
|
| 776 |
0 |
8 |
|i Print version:
|z 9786613282750
|
| 830 |
|
0 |
|a IEEE Press series on power engineering.
|
| 856 |
4 |
0 |
|u https://doi.org/10.1002/9781118104965
|z Full Text via HEAL-Link
|
| 994 |
|
|
|a 92
|b DG1
|